| 000 | 00913nam a2200241 a 4500 | ||
|---|---|---|---|
| 001 | 4590 | ||
| 003 | CDMR | ||
| 005 | 20151016131202.0 | ||
| 008 | 130130s1932||||||||||||||||||||||||||||d | ||
| 040 |
_aCDMR _bcat _cCDMR |
||
| 130 | 0 |
_94565 _aFull oficial del dilluns de Barcelona (1931) |
|
| 245 | 1 | 0 | _aFull Oficial del Dilluns de Barcelona |
| 260 |
_aBarcelona _c1931-1939 _bCasa de Caritat |
||
| 300 |
_av. _bil. _c61 x 39 cm |
||
| 310 | _asetmanal | ||
| 362 | 0 | _a[1931-1939] | |
| 546 | _aText en castellà i català | ||
| 650 |
_94533 _aAssociacions de periodistes _y1931 - 1939 _zBarcelona |
||
| 780 | 0 | 0 |
_aHoja del Lunes (Barcelona, 1926) _x9969-4719 |
| 710 | 2 |
_94566 _aCasa Provincial de Caridad de Barcelona |
|
| 856 |
_uhttp://prensahistorica.mcu.es/es/consulta/registro.cmd?control=BVPH20140001002&formato=ficha_comprende _yDisponible en línia (Biblioteca Virtual de Prensa Histórica) |
||
| 942 |
_cSER _2udc |
||
| 999 |
_c4590 _d4590 |
||